| 000 | | | 04826cbm0a2200301#x 450 |
| 001 | | | 95c957ce-eb22-45a9-a23c-83ba4a95c190 |
| 005 | | | 20240923140214.0 |
| 100 | ## | $a | 20240920j19430403k###0rusy50 ca |
| 101 | 0# | $a | rus |
| 102 | ## | $a | RU |
| 105 | ## | $a | y###z######## |
| 122 | 0# | $a | d19430403## |
| 200 | 1# | $a | Постановление ГКО СССР № 3113 сс/ов об отпуске продовольственных, госпитальных и фуражных пайков для Красной армии, военно-морского флота и войск Наркомата внутренних дел в апреле 1943 г., с приложением распределения пайков, лимита расхода водки для войсковых частей действующей армии на апрель 1943 г., докладной записки Микояна А. И., Щаденко Е. А., Хрулева А. В. Сталину И. В. |
| | $j | 3 апреля 1943 г. |
| 251 | ## | $c | Документ |
| 300 | ## | $a | Рассылочный и подлинный экземпляры |
| 461 | #0 | $1 | 2001 |
| | $a | Ф. 644 |
| | $1 | 251 |
| | $c | Фонд |
| | $1 | 852 |
| | $j | 644 |
| 462 | #0 | $1 | 2001 |
| | $a | Оп. 1 |
| | $1 | 251 |
| | $c | Опись |
| | $1 | 852 |
| | $j | 1 |
| 601 | 01 | $2 | nlr_sh |
| | $3 | RU\NLR\AUTH\661357733 |
| | $a | СССР |
| | $b | Государственный Комитет Обороны |
| | $x | История |
| | $j | Документы и материалы |
| 601 | 01 | $2 | prlib_sh |
| | $3 | LIBNET\UAF\0000062402 |
| | $a | СССР |
| | $b | Вооруженные силы |
| | $x | История |
| | $z | 1941 - 1945 |
| | $j | Документы и материалы |
| 605 | ## | $2 | acquisition_Prlib |
| | $3 | LIBNET\UAF\0000088514 |
| | $a | Вторая мировая война в архивных документах (Комплекс оцифрованных архивных документов, кино- и фотоматериалов) |
| | $l | коллекция |
| 605 | ## | $2 | acquisition_Prlib |
| | $3 | DITM\AF\0000002775 |
| | $a | Власть |
| | $l | коллекция |
| 686 | ## | $a | 68.4(2)ю1 |
| | $2 | rubbk |
| | $v | LBC/M |
| 686 | ## | $a | 63.3(2)622,12ю1 |
| | $2 | rubbk |
| | $v | LBC/M |
| 801 | #0 | $a | RU |
| | $b | ПБ им. Б.Н. Ельцина |
| | $c | 20240920 |
| 801 | #1 | $a | RU |
| | $b | ПБ им. Б.Н. Ельцина |
| | $c | 20240920 |
| | $2 | rusmarc |
| 801 | #2 | $a | RU |
| | $b | ПБ им. Б.Н. Ельцина |
| | $c | 20240923 |
| | $2 | rusmarc |
| 850 | ## | $a | Российский государственный архив социально-политической истории |
| 852 | ## | $a | РГАСПИ |
| | $j | Д. 100. Л. 117-121; Оп. 2. Д. 149. Л. 69-76об. |
| 035 | ## | $a | LIBNET\0001424848 |
| 937 | ## | $d | 193798856 |
| | $h | Федеральное архивное агентство |
| 856 | 4# | $u | http://readingroom.main.prlib.ru/item.aspx?id_node=n193798856&mode=full |